ARRUPE JESUIT UNIVERSITY

CORONAVIRUS -STOP THE SPREAD - CLEAN,DISINFECT,COVER

Religious Thinking from Childhood to Adolescence (Record no. 41831)

MARC details
000 -LEADER
fixed length control field 00388nam a2200157Ia 4500
003 - CONTROL NUMBER IDENTIFIER
control field 0100
005 - DATE AND TIME OF LATEST TRANSACTION
control field 20170901112715.0
008 - FIXED-LENGTH DATA ELEMENTS--GENERAL INFORMATION
fixed length control field 130303s9999 xx 000 0 und d
040 ## - CATALOGING SOURCE
Transcribing agency ARRUPELIB
050 ## - LIBRARY OF CONGRESS CALL NUMBER
Classification number BV639.C4G61964
300 ## - PHYSICAL DESCRIPTION
Dimensions 21cm.
100 ## - MAIN ENTRY--PERSONAL NAME
Personal name Goldman, Ronald
9 (RLIN) 35491
245 ## - TITLE STATEMENT
Title Religious Thinking from Childhood to Adolescence
Statement of responsibility, etc Ronald Goldman
260 ## - PUBLICATION, DISTRIBUTION, ETC. (IMPRINT)
Place of publication, distribution, etc New York
Name of publisher, distributor, etc The Seabury Press
Date of publication, distribution, etc 1965
300 ## - PHYSICAL DESCRIPTION
Extent xii, 276p. ;
650 ## - SUBJECT ADDED ENTRY--TOPICAL TERM
Topical term or geographic name as entry element Children
General subdivision Religious life
9 (RLIN) 35497
650 ## - SUBJECT ADDED ENTRY--TOPICAL TERM
Topical term or geographic name as entry element Religious education
General subdivision Psychology
9 (RLIN) 35498
650 ## - SUBJECT ADDED ENTRY--TOPICAL TERM
Topical term or geographic name as entry element Thought and thinking
9 (RLIN) 6272
942 ## - ADDED ENTRY ELEMENTS (KOHA)
Source of classification or shelving scheme Library of Congress Classification
Koha item type Monograph ( Printed materials)
Holdings
Withdrawn status Lost status Source of classification or shelving scheme Damaged status Not for loan Collection code Home library Current library Date acquired Total Checkouts Full call number Barcode Date last seen Copy number Price effective from Koha item type Shelving location
    Library of Congress Classification     Main Collection ARRUPE LIBRARY ARRUPE LIBRARY 04/03/2013   BV639.C4G61964 46500021535 24/01/2017 1 04/03/2013 Monograph ( Printed materials)  
    Library of Congress Classification     Main Collection ARRUPE LIBRARY ARRUPE LIBRARY 01/09/2017   BV639.C4 G6 1964 46500027992 01/09/2017 2 01/09/2017 Monograph ( Printed materials) Main Collection

 

Arrupe Library. PO Box MP320 Mt Pleasant, Harare, Zimbabwe
263 242 745411|librarian@aju.ac.zw